Ayyyiiie - Statistiques

Statistiques générales
  • Ce quiz a été pris 15 fois
    14 depuis la dernière actualisation
  • Le résultat moyen est 6 sur 8
Statistiques - réponses
Question Réponse % Correct
Nabil est connu sous un autre nom dans les plus grands clubs de Lisbonne : Bilex
100%
De quoi à été horrifié Manon à 2h du matin ce soir là ? (indice sticker whatsapp) Des paupières retournées rappelant le mal lui même
100%
Andrea et Manon excellent dans une discipline dites sous-côtée : Kems
100%
Quelle est la prochaine star des réseaux sociaux ? Paul Orvain
100%
La dernière soirée avec les paulitos était à quelle date ? 02/09/2024
75%
Le(s) mot(s) préféré(s) de Lorenz en français est (sont) : Ah bah ouais
50%
Yanis est un personnage attachant qu'on ne présente plus, quel est son accent préféré à la plage ? Mafia corse
50%
Meven aime un sport en particulier : Basketball
25%
Aucun quiz correspondant
Distribution des résultats
% des personnes avec chaque résultat
Percentile par nombre de réponses
Votre historique - résultats
Vous n’avez pas pris ce quiz depuis la dernière actualisation